[Event "Hastings Masters op"]
[Site "Hastings"]
[Date "2023.12.31"]
[Round "4"]
[White "Dewangan, Aayush"]
[Black "Prudent, Sylvio"]
[Result "1-0"]
[WhiteElo "1655"]
[BlackElo "1639"]
[PlyCount "57"]
[EventDate "2023.12.28"]
[EventType "swiss"]
[EventRounds "9"]
[EventCountry "ENG"]
[SourceTitle "CB02_2024"]
[SourceDate "2024.01.10"]
[SourceVersion "1"]
[SourceVersionDate "2024.01.10"]
[SourceQuality "1"]

1. e4 d6 2. d4 Nf6 3. Nc3 g6 4. Nf3 Bg7 5. Be2 0-0 6. 0-0 Bg4 7. h3 Bxf3 8. Bxf3 c6 9. Bf4 Nbd7 10. e5 Ne8 11. Qe2 d5 12. Qd2 Nc7 13. a4 Ne6 14. Bh2 Re8 15. Be2 f6 16. f4 Qb6 17. Rfd1 fxe5 18. fxe5 Nxe5 19. Kh1 Nf7 20. Bg4 Bh6 21. Qd3 Nf4 22. Qf3 e5 23. a5 Qd8 24. Rf1 e4 25. Qf2 e3 26. Qf3 e2 27. Nxe2 Nxe2 28. Qxf7+ Kh8 29. Bxe2 1-0

[Event "Hastings Masters op"]
[Site "Hastings"]
[Date "2023.12.29"]
[Round "2"]
[White "Dewangan, Aayush"]
[Black "Sivanandan, Bodhana"]
[Result "0-1"]
[WhiteElo "1655"]
[BlackElo "1857"]
[PlyCount "118"]
[EventDate "2023.12.28"]
[EventType "swiss"]
[EventRounds "9"]
[EventCountry "ENG"]
[SourceTitle "CB02_2024"]
[SourceDate "2024.01.10"]
[SourceVersion "1"]
[SourceVersionDate "2024.01.10"]
[SourceQuality "1"]

1. e4 c6 2. d4 d5 3. exd5 cxd5 4. Bd3 Nc6 5. c3 Qc7 6. h3 g6 7. Nf3 Bf5 8. 0-0 e6 9. Re1 Bxd3 10. Qxd3 Bg7 11. Be3 Nf6 12. Nbd2 0-0 13. b4 Rac8 14. Rac1 Rfd8 15. a4 Ne7 16. Ne5 Nf5 17. Bf4 Qe7 18. g4 Nd6 19. f3 Nd7 20. Nb3 Nxe5 21. Bxe5 Nc4 22. Bxg7 Kxg7 23. f4 Qf6 24. Rf1 Nd6 25. Nd2 Rc7 26. Qg3 Rdc8 27. Rf3 Nc4 28. Nxc4 Rxc4 29. f5 exf5 30. gxf5 g5 31. h4 h6 32. Rd1 Kh7 33. hxg5 Qxg5 34. Qxg5 hxg5 35. Rdd3 Re8 36. Kg2 Kg7 37. Rde3 Rxe3 38. Rxe3 Kf6 39. Re5 Rxc3 40. Rxd5 Rc4 41. Rb5 b6 42. a5 Rxd4 43. axb6 axb6 44. Rxb6+ Kxf5 45. b5 Rb4 46. Kh2 Ke5 47. Kg3 f5 48. Rg6 g4 49. b6 Rb3+ 50. Kf2 Kf4 51. Re6 Rb2+ 52. Kf1 Kf3 53. Re5 f4 54. Re6 g3 55. Re1 Rxb6 56. Ra1 g2+ 57. Kg1 Kg3 58. Ra3+ f3 59. Ra1 f2# 0-1

[Event "Sitges Sunway online op"]
[Site "Chess.com INT"]
[Date "2020.04.27"]
[Round "9"]
[White "Marinskii, Yurii"]
[Black "Dewangan, Aayush"]
[Result "1-0"]
[WhiteElo "2142"]
[BlackElo "1480"]
[PlyCount "117"]
[EventDate "2020.04.19"]
[EventType "swiss"]
[EventRounds "9"]
[EventCountry "ESP"]
[SourceTitle "EXT 2021"]
[Source "ChessBase"]
[SourceDate "2020.10.23"]
[SourceVersion "1"]
[SourceVersionDate "2020.10.23"]
[SourceQuality "1"]

1. e4 c5 2. Nc3 d6 3. g3 Nc6 4. Bg2 g6 5. d3 Bg7 6. f4 e6 7. Nf3 Nge7 8. 0-0 a6 9. a4 c4 10. dxc4 Na5 11. c5 dxc5 12. Qxd8+ Kxd8 13. e5 Kc7 14. Ne4 Nd5 15. Nxc5 Bf8 16. Ne4 Bd7 17. b3 Bc6 18. Nfg5 Be8 19. Bd2 Nc6 20. c4 Ndb4 21. Nf6 Bc5+ 22. Kh1 Rd8 23. Nxe8+ Rhxe8 24. Bxb4 Nxb4 25. Nxf7 Rd3 26. Rf3 Rxf3 27. Bxf3 Nc2 28. Rd1 Nd4 29. Rd3 Nc2 30. Be4 Nd4 31. b4 Ba7 32. Nd6 Rb8 33. c5 Nc6 34. b5 Nb4 35. b6+ Bxb6 36. cxb6+ Kxb6 37. Rc3 Ka5 38. Bxb7 Kxa4 39. Rc8 Rxc8 40. Bxc8 a5 41. Bxe6 Nc6 42. Bd7 Kb4 43. Bxc6 a4 44. Bxa4 Kxa4 45. e6 Kb4 46. e7 Kc5 47. e8Q Kxd6 48. g4 h5 49. gxh5 gxh5 50. h4 Kc5 51. f5 Kd4 52. f6 Kd5 53. f7 Kd6 54. f8Q+ Kd5 55. Qfe7 Kd4 56. Q8d8+ Kc4 57. Qec7+ Kb3 58. Qdb8+ Ka2 59. Qca7# 1-0

[Event "Hastings Masters op 95th"]
[Site "Hastings"]
[Date "2020.01.04"]
[Round "8"]
[White "Kumar, Sanjit S"]
[Black "Dewangan, Aayush"]
[Result "0-1"]
[WhiteElo "1501"]
[BlackElo "1548"]
[PlyCount "116"]
[EventDate "2019.12.28"]
[EventType "swiss"]
[EventRounds "9"]
[EventCountry "ENG"]
[SourceTitle "CBM 194 Extra"]
[Source "ChessBase"]
[SourceDate "2020.03.31"]
[SourceVersion "1"]
[SourceVersionDate "2020.03.31"]
[SourceQuality "1"]

1. e4 c5 2. Nf3 d6 3. d4 cxd4 4. Nxd4 Nf6 5. Nc3 g6 6. Be3 Bg7 7. f3 0-0 8. Qd2 Nc6 9. 0-0-0 d5 10. Qe1 e5 11. Nxc6 bxc6 12. exd5 cxd5 13. Bg5 Bb7 14. Qxe5 Re8 15. Qf4 Qb6 16. Bd3 Nh5 17. Qa4 Rab8 18. g4 d4 19. Nb5 a6 20. gxh5 axb5 21. Bxb5 Re5 22. Bf4 Rxb5 23. Bxb8 Bxf3 24. Ba7 Qb7 25. hxg6 hxg6 26. Bxd4 Bxh1 27. Bxg7 Kxg7 28. Qd4+ Kh7 29. Qh4+ Rh5 30. Qf4 Bd5 31. b3 Qa7 32. h4 Qxa2 33. Qa4 Qxa4 34. bxa4 Bc6 35. Rd4 Ra5 36. Kb2 Rxa4 37. Rd6 Bf3 38. Rf6 Bd5 39. Rd6 Be6 40. h5 gxh5 41. Rd2 Kg6 42. Rg2+ Rg4 43. Rh2 f5 44. Rf2 h4 45. Kc3 h3 46. Rh2 Rh4 47. Kd3 Kg5 48. Ke3 Kg4 49. Kf2 f4 50. Rh1 h2 51. c3 Bc4 52. Ke1 Bd5 53. Rxh2 Rxh2 54. c4 Bxc4 55. Kd1 Re2 56. Kc1 f3 57. Kd1 f2 58. Kc1 f1R# 0-1

[Event "Hastings Masters op 95th"]
[Site "Hastings"]
[Date "2020.01.01"]
[Round "5"]
[White "Dewangan, Aayush"]
[Black "Gisbert Mir, Alejandro"]
[Result "1/2-1/2"]
[WhiteElo "1548"]
[BlackElo "1835"]
[PlyCount "49"]
[EventDate "2019.12.28"]
[EventType "swiss"]
[EventRounds "9"]
[EventCountry "ENG"]
[SourceTitle "CBM 194 Extra"]
[Source "ChessBase"]
[SourceDate "2020.03.31"]
[SourceVersion "1"]
[SourceVersionDate "2020.03.31"]
[SourceQuality "1"]

1. e4 c6 2. d4 d5 3. exd5 cxd5 4. Bd3 Nc6 5. c3 Nf6 6. Bf4 e6 7. Nf3 Bd6 8. Bg3 Qc7 9. Na3 a6 10. Qa4 Bxg3 11. hxg3 Bd7 12. Qc2 g6 13. Qd2 0-0-0 14. Qg5 Ne4 15. Qe3 e5 16. Bxe4 dxe4 17. Nxe5 Nxe5 18. dxe5 Qxe5 19. 0-0 f5 20. Rfd1 Be6 21. Rd4 Rd7 22. Rad1 Rhd8 23. Rxd7 Rxd7 24. Rxd7 Kxd7 25. Qh6 1/2-1/2

[Event "Hastings Masters op 95th"]
[Site "Hastings"]
[Date "2019.12.28"]
[Round "1"]
[White "Thorpe, Thomas"]
[Black "Dewangan, Aayush"]
[Result "1-0"]
[WhiteElo "1924"]
[BlackElo "1548"]
[PlyCount "145"]
[EventDate "2019.12.28"]
[EventType "swiss"]
[EventRounds "9"]
[EventCountry "ENG"]
[SourceTitle "CBM 194 Extra"]
[Source "ChessBase"]
[SourceDate "2020.03.31"]
[SourceVersion "1"]
[SourceVersionDate "2020.03.31"]
[SourceQuality "1"]

1. e4 c5 2. Nc3 d6 3. Bb5+ Bd7 4. a4 g6 5. f4 Bg7 6. Nf3 Nc6 7. 0-0 a6 8. Bc4 e6 9. d3 Nge7 10. Qe1 Nd4 11. Nxd4 Bxd4+ 12. Kh1 Bg7 13. Qg3 0-0 14. f5 gxf5 15. Bg5 f6 16. Bh6 Ng6 17. Bxg7 Kxg7 18. exf5 exf5 19. Qxd6 Qe7 20. Qxe7+ Nxe7 21. Rae1 Nc6 22. Nd5 Ne5 23. Nb6 Rad8 24. Nxd7 Rxd7 25. Be6 Rd4 26. b3 f4 27. Bf5 b5 28. axb5 axb5 29. Ra1 c4 30. c3 Rdd8 31. d4 Ng6 32. bxc4 bxc4 33. Ra4 Rd5 34. Be6 Rg5 35. Rxc4 f3 36. Rxf3 Re8 37. Rc7+ Kh8 38. Rc8 Rxc8 39. Bxc8 Ra5 40. g3 Ne7 41. Be6 Ra6 42. d5 Kg7 43. c4 Ra5 44. Rb3 Ra7 45. Rb6 Ng6 46. c5 h5 47. c6 Ra1+ 48. Kg2 Ra2+ 49. Kg1 Ra1+ 50. Kf2 Ne5 51. c7 Ra2+ 52. Kf1 Ra1+ 53. Ke2 Rc1 54. c8Q Rxc8 55. Bxc8 Nc4 56. Ra6 Ne5 57. Bf5 Kh6 58. d6 Kg5 59. d7 Nxd7 60. Bxd7 h4 61. gxh4+ Kxh4 62. Rxf6 Kg5 63. Rf1 Kg6 64. Ke3 Kg5 65. Ke4 Kg6 66. Ke5 Kg7 67. Ke6 Kg6 68. Rg1+ Kh5 69. Rg3 Kh6 70. Kf5 Kh7 71. Kf6 Kh8 72. Kf7 Kh7 73. Rh3# 1-0

[Event "South Normanton 4NCL op-B 23rd"]
[Site "South Normanton"]
[Date "2019.10.06"]
[Round "4"]
[White "Dewangan, Aayush"]
[Black "Obi, Marc On"]
[Result "1/2-1/2"]
[WhiteElo "1440"]
[BlackElo "1802"]
[PlyCount "101"]
[EventDate "2019.10.04"]
[EventType "swiss"]
[EventRounds "5"]
[EventCountry "ENG"]
[SourceTitle "CBM 193 Extra"]
[Source "ChessBase"]
[SourceDate "2020.01.31"]
[SourceVersion "1"]
[SourceVersionDate "2020.01.31"]
[SourceQuality "1"]

1. e4 g6 2. d4 Bg7 3. Nf3 d6 4. Bc4 e6 5. c3 a6 6. Be3 b5 7. Bb3 Bb7 8. Nbd2 Nd7 9. 0-0 Ne7 10. Ng5 h6 11. Nh3 d5 12. e5 Nf5 13. Nf4 Qe7 14. Bc2 g5 15. Nh5 Rg8 16. Qb1 Nxe3 17. fxe3 Bh8 18. Bh7 Rf8 19. h3 0-0-0 20. a4 f6 21. Bd3 fxe5 22. axb5 Rxf1+ 23. Qxf1 Rf8 24. Qe2 axb5 25. Bxb5 Nb8 26. Nb3 c6 27. Nc5 cxb5 28. Ra7 Qe8 29. Nxb7 Qc6 30. Nc5 b4 31. Re7 Re8 32. Rxe8+ Qxe8 33. Qg4 exd4 34. cxd4 Nc6 35. Qxe6+ Qxe6 36. Nxe6 Kd7 37. Nf8+ Kd6 38. Ng6 Bxd4 39. exd4 Nxd4 40. Kf2 Kc5 41. Ne5 Nf5 42. g4 Nd6 43. Ng7 Kd4 44. Nc6+ Kc4 45. Nxb4 Kxb4 46. Nf5 Ne4+ 47. Ke2 Kb3 48. Nxh6 Kxb2 49. Ke3 Nf2 50. Nf7 Nxh3 51. Nxg5 1/2-1/2

[Event "South Normanton 4NCL op-B 23rd"]
[Site "South Normanton"]
[Date "2019.10.06"]
[Round "5"]
[White "Dewangan, Aayush"]
[Black "Zheng, Harry Z"]
[Result "1/2-1/2"]
[WhiteElo "1440"]
[BlackElo "1765"]
[PlyCount "54"]
[EventDate "2019.10.04"]
[EventType "swiss"]
[EventRounds "5"]
[EventCountry "ENG"]
[SourceTitle "CBM 193 Extra"]
[Source "ChessBase"]
[SourceDate "2020.01.31"]
[SourceVersion "1"]
[SourceVersionDate "2020.01.31"]
[SourceQuality "1"]

1. e4 e5 2. Nf3 Nc6 3. d4 exd4 4. Bc4 Nf6 5. 0-0 Nxe4 6. Re1 d5 7. Bxd5 Qxd5 8. Nc3 Qd8 9. Rxe4+ Be6 10. Nxd4 Nxd4 11. Rxd4 Qf6 12. Nb5 Bd6 13. Rxd6 cxd6 14. Qxd6 Rc8 15. Nc7+ Rxc7 16. Qxc7 0-0 17. Qf4 Rd8 18. Qf3 Qxf3 19. gxf3 Bh3 20. Be3 Rd6 21. Kh1 f5 22. Rg1 Kf7 23. c3 Rd3 24. Rg3 Rd1+ 25. Rg1 Rd3 26. Rg3 Rd1+ 27. Rg1 Rd3 1/2-1/2

[Event "North Wales op 4th"]
[Site "Llandudno"]
[Date "2019.06.23"]
[Round "4"]
[White "Dewangan, Aayush"]
[Black "Gogia, Armaan"]
[Result "0-1"]
[WhiteElo "1398"]
[BlackElo "1767"]
[PlyCount "114"]
[EventDate "2019.06.21"]
[EventType "swiss"]
[EventRounds "5"]
[EventCountry "WLS"]
[SourceTitle "EXT 2020"]
[Source "ChessBase"]
[SourceDate "2019.10.17"]
[SourceVersion "1"]
[SourceVersionDate "2019.10.17"]
[SourceQuality "1"]

1. e4 c5 2. Nf3 d6 3. d4 cxd4 4. Nxd4 Nf6 5. Nc3 a6 6. Bg5 e6 7. Qd2 Be7 8. 0-0-0 Nbd7 9. Be2 h6 10. Bh4 Nc5 11. f3 Qc7 12. Bf2 b5 13. g4 Bb7 14. h4 Rc8 15. Rdf1 b4 16. Nb1 Ncxe4 17. fxe4 Nxe4 18. Qd1 Nxf2 19. Rxf2 Bxh1 20. Qxh1 Bf6 21. Rxf6 gxf6 22. Bxa6 Rb8 23. Bb5+ Kf8 24. Qf1 Qc5 25. Qxf6 Qe5 26. Qf2 Rxb5 27. Nxb5 Qxb5 28. Qf6 Qe5 29. Qf2 Rg8 30. Qd2 Rxg4 31. c3 Rg1+ 32. Kc2 Qf5+ 33. Qd3 Qxd3+ 34. Kxd3 Rxb1 35. Kc2 Ra1 36. Kb3 bxc3 37. bxc3 Ke7 38. h5 Kd7 39. a4 Rh1 40. a5 Rxh5 41. Kb4 Rxa5 42. Kxa5 h5 43. Kb4 h4 44. Kc4 h3 45. Kd4 h2 46. c4 h1Q 47. c5 dxc5+ 48. Kxc5 Qd5+ 49. Kb4 Qc6 50. Kb3 Qc5 51. Kb2 Qc4 52. Ka3 Qb5 53. Ka2 Kd6 54. Ka3 Kd5 55. Ka2 Kc4 56. Ka1 Kc3 57. Ka2 Qb2# 0-1